| 000 | 00393nam a22001217a 4500 | ||
|---|---|---|---|
| 082 | _a200 THE | ||
| 100 |
_aSHAGUFTA _925271 |
||
| 245 | _aTH-SOF-1086-A System for unified Diagnosis and analysis of Thallium SCAN and CT Angiography | ||
| 260 |
_aISLAMABAD _bNUST COLLEGE OF EME _c2014 |
||
| 650 | _aMS-COMPUTER ENGINEERING-73 MSTHESIS | ||
| 700 | _aSUPERVISOR DR SHOAB AHMED KHAN | ||
| 942 | _cCF | ||
| 999 |
_c577521 _d577521 |
||